Normal view
MARC view
Entry Personal Name
001 - CONTROL NUMBER
- control field: 5020
003 - CONTROL NUMBER IDENTIFIER
- control field: HDC
005 - DATE AND TIME OF LATEST TRANSACTION
- control field: 20230624073209.0
008 - FIXED-LENGTH DATA ELEMENTS
- fixed length control field: 210118|| aca||aabn | a|a d
040 ## - CATALOGING SOURCE
- Original cataloging agency: HDC
- Transcribing agency: HDC
100 ## - HEADING--PERSONAL NAME
- Personal name: Mohd Dasuqkhi bin Mohd Sirajuddin
670 ## - SOURCE DATA FOUND
- Source citation: Work cat.: (HDC): Mohd Dasuqkhi bin Mohd Sirajuddin author, Benchmarking Tayyib as the Best Practice for Halal Logistic Management: The Qur`anic Perspective / by , 2014
